[Event "82nd Tata Steel Qualifier"]
[Site "Wijk aan Zee NED"]
[Date "2020.01.17"]
[Round "1.1"]
[White "De Boer, Eelke"]
[Black "Slingerland, Fred"]
[Result "0-1"]
[WhiteTitle "FM"]
[BlackTitle "IM"]
[WhiteElo "2324"]
[BlackElo "2333"]
[WhiteFideId "1048120"]
[BlackFideId "1002473"]
[EventDate "2020.01.17"]

1. e4 c5 2. Nf3 d6 3. d4 cxd4 4. Nxd4 Nf6 5. Nc3 Nc6 6. Bg5 e6 7. Qd2 a6 8.
O-O-O Bd7 9. f3 b5 10. Nxc6 Bxc6 11. Ne2 Be7 12. Nd4 Bb7 13. h4 Rc8 14. Kb1 Nd7
15. Bd3 Ne5 16. f4 Nc6 17. Bxe7 Qxe7 18. Nb3 O-O 19. c3 Rfd8 20. Qe3 b4 21. c4
a5 22. g3 a4 23. Nd4 Nxd4 24. Qxd4 e5 25. Qe3 exf4 26. gxf4 Re8 27. Rhe1 d5 28.
cxd5 Bxd5 29. Qd4 Bb7 30. Rg1 g6 31. e5 Red8 32. Qe3 a3 33. f5 Qxh4 34. e6 Rxd3
35. Rxd3 Be4 36. exf7+ Kf8 37. Qd4 Rd8 38. Qxb4+ Kxf7 39. fxg6+ hxg6 40. Qb3+
Kg7 41. Rd1 Rxd3 42. Rxd3 Qe1+ 43. Kc2 Qe2+ 44. Kc1 axb2+ 0-1

[Event "82nd Tata Steel Qualifier"]
[Site "Wijk aan Zee NED"]
[Date "2020.01.18"]
[Round "2.2"]
[White "Akash, G"]
[Black "Beerdsen, Thomas"]
[Result "0-1"]
[WhiteTitle "IM"]
[BlackTitle "IM"]
[WhiteElo "2461"]
[BlackElo "2495"]
[WhiteFideId "5040299"]
[BlackFideId "1030108"]
[EventDate "2020.01.17"]

1. e4 c5 2. Nf3 e6 3. d4 cxd4 4. Nxd4 Nc6 5. Nc3 Qc7 6. Be2 a6 7. O-O Nf6 8. Be3
Bb4 9. Na4 Be7 10. Nxc6 bxc6 11. Nb6 Rb8 12. Nxc8 Qxc8 13. Bd4 c5 14. Be5 Rb6
15. Bf3 O-O 16. a4 d6 17. Bc3 Nd7 18. a5 Rc6 19. Re1 Qc7 20. g3 Rb8 21. Bg2 c4
22. Qd2 h6 23. Red1 Rb5 24. Qe2 Bf6 25. e5 Nxe5 26. Bxc6 Qxc6 27. Bxe5 Bxe5 28.
Ra4 Rc5 29. b3 cxb3 30. cxb3 Qb7 31. Rc4 Rxa5 32. Rdc1 Qxb3 33. Rc8+ Kh7 34.
Qe4+ f5 35. Qa8 Bf6 36. Rf8 Rc5 37. Rxc5 dxc5 38. h4 Qa4 39. Kh2 Kg6 40. Rh8 Kh5
41. Rc8 Qd4 42. Kg1 Qd3 43. Kg2 c4 44. Qc6 Qd5+ 45. f3 Qd2+ 46. Kh3 Qd1 47. Kg2
Bd4 48. f4 Kg4 0-1

[Event "82nd Tata Steel Qualifier"]
[Site "Wijk aan Zee NED"]
[Date "2020.01.18"]
[Round "2.5"]
[White "Suleymanli, Aydin"]
[Black "Pijpers, Arthur"]
[Result "1-0"]
[WhiteTitle "IM"]
[BlackTitle "IM"]
[WhiteElo "2473"]
[BlackElo "2480"]
[WhiteFideId "13413937"]
[BlackFideId "1019554"]
[EventDate "2020.01.17"]

1. d4 Nf6 2. c4 g6 3. Nc3 Bg7 4. e4 d6 5. f4 c5 6. d5 O-O 7. Nf3 e6 8. Be2 exd5
9. cxd5 b5 10. e5 dxe5 11. fxe5 Ng4 12. Bg5 Qb6 13. O-O a6 14. d6 Be6 15. Nd5
Bxd5 16. Qxd5 Nd7 17. e6 Ngf6 18. Bxf6 Nxf6 19. Qe5 Nh5 20. Qd5 Nf6 21. Qe5 Nh5
22. Qe4 f5 23. Qe3 Qxd6 24. Rad1 f4 25. Qb3 c4 26. Rxd6 cxb3 27. axb3 Bxb2 28.
Ng5 Nf6 29. Bf3 Ra7 30. Re1 Re8 31. Nf7 Kg7 32. Nd8 Ba3 33. Rd3 Bc5+ 34. Kf1 Be3
35. Red1 Rc7 36. Rd6 g5 37. Nc6 Kf8 38. e7+ Rexe7 39. Rxf6+ Rf7 40. Rfd6 Bc5 41.
R6d5 g4 42. Rg5 gxf3 43. Rd8# 1-0

[Event "82nd Tata Steel Qualifier"]
[Site "Wijk aan Zee NED"]
[Date "2020.01.19"]
[Round "3.4"]
[White "Beerdsen, Thomas"]
[Black "Van Dael, Siem"]
[Result "1/2-1/2"]
[WhiteTitle "IM"]
[BlackTitle "FM"]
[WhiteElo "2495"]
[BlackElo "2252"]
[WhiteFideId "1030108"]
[BlackFideId "1049771"]
[EventDate "2020.01.17"]

1. e4 e5 2. Bc4 Nf6 3. d3 c6 4. Nf3 d5 5. Bb3 Bd6 6. exd5 Nxd5 7. O-O O-O 8. Re1
Bg4 9. h3 Bh5 10. g4 Bg6 11. Nxe5 Bxe5 12. Rxe5 Nd7 13. Rxd5 cxd5 14. Bxd5 Qh4
15. Qf3 Nf6 16. Bxb7 Rae8 17. Bd2 h5 18. g5 Nh7 19. Qg3 Qxg3+ 20. fxg3 Rb8 21.
Bd5 Rxb2 22. Bb3 Rc8 23. Na3 Bxd3 24. Re1 Nf8 25. Re7 Bxc2 26. Nxc2 Rcxc2 27.
Bxc2 Rxc2 28. Bb4 a5 29. Bxa5 1/2-1/2

[Event "82nd Tata Steel Qualifier"]
[Site "Wijk aan Zee NED"]
[Date "2020.01.19"]
[Round "3.5"]
[White "Vogel, Roven"]
[Black "Akash, G"]
[Result "1-0"]
[WhiteTitle "IM"]
[BlackTitle "IM"]
[WhiteElo "2465"]
[BlackElo "2461"]
[WhiteFideId "12908088"]
[BlackFideId "5040299"]
[EventDate "2020.01.17"]

1. Nf3 Nf6 2. c4 e6 3. Nc3 Bb4 4. Qc2 O-O 5. a3 Bxc3 6. Qxc3 d6 7. b4 e5 8. d3
Re8 9. Bb2 Nc6 10. e3 d5 11. cxd5 Nxd5 12. Qc5 a6 13. h3 Nb6 14. Nxe5 Nxe5 15.
Bxe5 Nd7 16. Bxc7 Qf6 17. Qc1 b5 18. Ra2 Bb7 19. Rc2 Rac8 20. Rg1 Nf8 21. f4
Qh4+ 22. g3 Qh5 23. Kd2 Nd7 24. h4 Nf6 25. Be5 Qf5 26. Bg2 Bxg2 27. Rxg2 Rcd8
28. Bd4 Ng4 29. Re2 h5 30. Kc3 Re7 31. Qd2 Red7 32. Kb2 Nxe3 33. Bxe3 Rxd3 34.
Qe1 Qf6+ 35. Rc3 Rd1 36. Qf2 Rb1+ 37. Kxb1 Qxc3 38. Bc1 Qb3+ 39. Rb2 Qxa3 40.
Qe3 Qxe3 41. Bxe3 Rd3 42. Bf2 Rc3 43. Ka2 Kh7 44. Re2 Kg6 45. Be1 Rf3 46. Kb2 f6
47. Kc1 Kf5 48. Ra2 Re3 49. Kd1 Re6 50. Re2 Rd6+ 51. Rd2 Re6 52. Rd7 g6 53. Rg7
Re3 54. Rd7 Re6 55. Rd3 Kg4 56. Kd2 f5 57. Re3 Rc6 58. Ke2 Kh3 59. Kf3 Rd6 60.
Bf2 Rd4 61. Be1 Rd6 62. Rc3 Rd1 63. Kf2 Rd6 64. Rc7 Kh2 65. Re7 Kh3 66. Kf3 Rd3+
67. Re3 Rd6 68. Bf2 Rd4 69. Re6 Rxb4 70. Rxa6 Rb3+ 71. Be3 Rb1 72. Rxg6 b4 73.
Rd6 b3 74. Rd2 Rf1+ 75. Bf2 Rb1 76. Rd5 b2 77. Rd2 Kh2 78. Bd4+ Kh3 79. Rxb2 Rg1
80. Rh2+ Kxh2 81. Bxg1+ Kh3 82. Bd4 Kh2 83. Bf6 Kh3 84. Bg5 1-0

[Event "82nd Tata Steel Qualifier"]
[Site "Wijk aan Zee NED"]
[Date "2020.01.20"]
[Round "4.1"]
[White "Van Dael, Siem"]
[Black "Vogel, Roven"]
[Result "1-0"]
[WhiteTitle "FM"]
[BlackTitle "IM"]
[WhiteElo "2252"]
[BlackElo "2465"]
[WhiteFideId "1049771"]
[BlackFideId "12908088"]
[EventDate "2020.01.17"]

1. e4 c5 2. Nf3 d6 3. d4 cxd4 4. Nxd4 Nf6 5. Nc3 Nc6 6. Nd5 Nxd5 7. exd5 Qa5+ 8.
Bd2 Qxd5 9. Nb5 Qe6+ 10. Be2 Qd7 11. c4 a6 12. Nc3 e6 13. Be3 Be7 14. O-O Rb8
15. Rb1 O-O 16. b4 Qc7 17. b5 Ne5 18. Qb3 b6 19. Na4 a5 20. Rfd1 Nd7 21. Bd4 e5
22. Be3 Bb7 23. Bg4 Be4 24. Rbc1 Nf6 25. f3 Ba8 26. Bh3 Rfd8 27. Qb2 Nd7 28.
Bxd7 Rxd7 29. Bxb6 Qc8 30. Be3 Rc7 31. Nb6 Qe6 32. Nxa8 Rxa8 33. b6 Rb7 34. Qb5
h5 35. h3 a4 36. Qc6 Qc8 37. Rxd6 Bxd6 38. Qxd6 Qe8 39. Qd5 Rab8 40. c5 Qb5 41.
Qe4 a3 42. Rb1 Qe2 43. c6 Re7 44. Bc5 1-0

[Event "82nd Tata Steel Qualifier"]
[Site "Wijk aan Zee NED"]
[Date "2020.01.20"]
[Round "4.2"]
[White "Slingerland, Fred"]
[Black "Akash, G"]
[Result "0-1"]
[WhiteTitle "IM"]
[BlackTitle "IM"]
[WhiteElo "2333"]
[BlackElo "2461"]
[WhiteFideId "1002473"]
[BlackFideId "5040299"]
[EventDate "2020.01.17"]

1. e4 c5 2. Nf3 d6 3. d4 cxd4 4. Nxd4 Nf6 5. Nc3 Nc6 6. Be2 e5 7. Nf3 h6 8. O-O
Be7 9. Re1 O-O 10. h3 Be6 11. Bf1 Nb8 12. b3 Nbd7 13. Bb2 a6 14. a4 Qc7 15. Nd2
Rac8 16. Bc4 Qc6 17. a5 Rfe8 18. Qf3 Bd8 19. Nd5 Bxd5 20. exd5 Qc5 21. Bc3 Nf8
22. Ne4 Nxe4 23. Rxe4 Nh7 24. Re2 g6 25. Ra4 f5 26. Bb4 Qc7 27. Qg3 Kg7 28. Bd3
Qd7 29. f3 Nf6 30. Rd2 Nh5 31. Qe1 Bg5 32. Rd1 Nf6 33. c4 e4 34. fxe4 Nxe4 35.
Bxe4 Rxe4 36. Bc3+ Kh7 37. Qf1 Rce8 38. Re1 Be3+ 39. Kh1 g5 40. Rb4 Kg6 41. c5
Rxb4 42. Bxb4 dxc5 43. Qd3 Bd4 44. Qc4 Rxe1+ 45. Bxe1 Qe8 46. Bd2 Kf6 47. Qc1
Qe5 48. Qd1 Qxd5 49. Qh5 Kg7 50. h4 Qxb3 51. hxg5 Qb1+ 52. Kh2 Qg1+ 53. Kg3 Be5+ 0-1

[Event "82nd Tata Steel Qualifier"]
[Site "Wijk aan Zee NED"]
[Date "2020.01.20"]
[Round "4.3"]
[White "Beukema, Stefan"]
[Black "Pijpers, Arthur"]
[Result "0-1"]
[WhiteTitle "IM"]
[BlackTitle "IM"]
[WhiteElo "2389"]
[BlackElo "2480"]
[WhiteFideId "1024523"]
[BlackFideId "1019554"]
[EventDate "2020.01.17"]

1. e4 c5 2. Nf3 d6 3. d4 cxd4 4. Qxd4 Nc6 5. Bb5 a6 6. Bxc6+ bxc6 7. b3 e5 8.
Qd3 Be7 9. O-O Qc7 10. c4 Nf6 11. Nc3 O-O 12. Rd1 Be6 13. Bb2 Rad8 14. Rac1 Qa7
15. h3 Nd7 16. Ba3 c5 17. Nd5 Nb8 18. b4 Nc6 19. bxc5 dxc5 20. Nxe7+ Qxe7 21.
Qe3 Rxd1+ 22. Rxd1 Nb4 23. Nxe5 Rc8 24. Bxb4 cxb4 25. Qb6 h6 26. Qxa6 Qc5 27.
Qd6 Bxc4 28. Nxc4 Qxc4 29. Rd4 Qxa2 30. Rxb4 Rc1+ 31. Kh2 Qxf2 32. Rb8+ Kh7 33.
Qe5 Qg1+ 34. Kg3 Qe3+ 35. Kh2 Rf1 36. h4 Qe1 37. Kh3 Rh1+ 38. Kg4 Qxh4+ 39. Kf3
Rf1+ 40. Ke2 Qf2+ 41. Kd3 Rd1+ 42. Kc3 Qe3+ 43. Kc4 Rc1+ 44. Kb4 Rb1+ 45. Kc4
Rxb8 0-1

[Event "82nd Tata Steel Qualifier"]
[Site "Wijk aan Zee NED"]
[Date "2020.01.20"]
[Round "4.5"]
[White "Suleymanli, Aydin"]
[Black "Beerdsen, Thomas"]
[Result "1/2-1/2"]
[WhiteTitle "IM"]
[BlackTitle "IM"]
[WhiteElo "2473"]
[BlackElo "2495"]
[WhiteFideId "13413937"]
[BlackFideId "1030108"]
[EventDate "2020.01.17"]

1. d4 Nf6 2. c4 g6 3. g3 Bg7 4. Bg2 O-O 5. Nc3 d6 6. Nf3 Nbd7 7. O-O e5 8. h3 c6
9. e4 exd4 10. Nxd4 Re8 11. Re1 Qb6 12. Nc2 Nc5 13. Rb1 Ng4 14. hxg4 Bxc3 15.
Re3 Bg7 16. b3 Be6 17. Re1 a5 18. Be3 Rad8 19. g5 Qc7 20. Bd4 Qc8 21. Bxg7 Kxg7
22. Kh2 Kg8 23. Qd4 Qd7 24. Rbd1 Qe7 25. f4 Bc8 26. Qc3 Qc7 27. e5 dxe5 28. Rxe5
b6 29. Rxd8 Rxd8 30. Nd4 Bd7 31. Qe3 Qd6 32. a3 Rb8 33. b4 axb4 34. axb4 Ne6 35.
Nxe6 Bxe6 36. c5 bxc5 37. bxc5 Qd7 38. Re4 Rd8 39. Qf2 Qd1 1/2-1/2

[Event "82nd Tata Steel Qualifier"]
[Site "Wijk aan Zee NED"]
[Date "2020.01.21"]
[Round "5.2"]
[White "Akash, G"]
[Black "Van Dael, Siem"]
[Result "1/2-1/2"]
[WhiteTitle "IM"]
[BlackTitle "FM"]
[WhiteElo "2461"]
[BlackElo "2252"]
[WhiteFideId "5040299"]
[BlackFideId "1049771"]
[EventDate "2020.01.17"]

1. e4 e5 2. Nf3 Nc6 3. Bb5 Nf6 4. O-O Nxe4 5. Re1 Nd6 6. Nxe5 Be7 7. Bd3 Nxe5 8.
Rxe5 O-O 9. Nc3 Bf6 10. Re3 Bd4 11. Rh3 g6 12. Qg4 Bg7 13. Nd5 Ne8 14. Qh4 Qxh4
15. Rxh4 c6 16. Ne7+ Kh8 17. Rb4 Nd6 18. Kf1 Bf6 19. Nxc8 Rfxc8 20. c3 Kg7 21.
Be2 c5 22. Rb3 b6 23. a4 Nb7 24. Bf3 Na5 25. Rba3 Rab8 26. d3 d6 27. Bf4 Be5 28.
Be3 Bf6 29. Rd1 Nc6 30. h3 h5 31. Ke2 Rc7 32. Raa1 Rd8 33. Rac1 d5 34. d4 cxd4
35. cxd4 Rdc8 36. Rc3 Nb4 37. Rdc1 Rc4 38. g4 hxg4 39. hxg4 g5 40. Bd2 Re8+ 41.
Re3 Rxc1 42. Bxc1 Rd8 43. Kd1 1/2-1/2

[Event "82nd Tata Steel Qualifier"]
[Site "Wijk aan Zee NED"]
[Date "2020.01.21"]
[Round "5.3"]
[White "Pijpers, Arthur"]
[Black "Slingerland, Fred"]
[Result "1-0"]
[WhiteTitle "IM"]
[BlackTitle "IM"]
[WhiteElo "2480"]
[BlackElo "2333"]
[WhiteFideId "1019554"]
[BlackFideId "1002473"]
[EventDate "2020.01.17"]

1. e4 c5 2. Nf3 d6 3. d4 cxd4 4. Nxd4 Nf6 5. Nc3 Nc6 6. f3 Nxd4 7. Qxd4 g6 8.
Be3 Bg7 9. O-O-O O-O 10. Qd2 Be6 11. Kb1 Qa5 12. Nd5 Qxd2 13. Nxe7+ Kh8 14. Bxd2
Rfe8 15. Nd5 Bxd5 16. exd5 Nxd5 17. Bc4 Ne3 18. Bxe3 Rxe3 19. Bxf7 Re2 20. g3
Rc8 21. Bb3 Bf8 22. h4 b5 23. h5 Kg7 24. Rh4 Be7 25. h6+ Kh8 26. Rb4 a6 27. a4
Re5 28. g4 g5 29. Rd5 Rc5 30. axb5 Rxb5 31. Rxe5 dxe5 32. Rc4 Rb8 33. Rc6 a5 34.
Re6 Bf8 35. Rxe5 Ra8 36. Re6 a4 37. Bd5 Rb8 38. Ka2 Rd8 39. c4 Rb8 40. Ra6 1-0

[Event "82nd Tata Steel Qualifier"]
[Site "Wijk aan Zee NED"]
[Date "2020.01.21"]
[Round "5.4"]
[White "Zwirs, Nico"]
[Black "Beukema, Stefan"]
[Result "1-0"]
[WhiteTitle "IM"]
[BlackTitle "IM"]
[WhiteElo "2418"]
[BlackElo "2389"]
[WhiteFideId "1036432"]
[BlackFideId "1024523"]
[EventDate "2020.01.17"]

1. Nf3 f5 2. d4 Nf6 3. c4 d6 4. Nc3 g6 5. g3 Bg7 6. Bg2 O-O 7. O-O c6 8. d5 e5
9. e4 Na6 10. exf5 gxf5 11. dxc6 bxc6 12. Nh4 e4 13. Bh3 Ne8 14. f3 Nc5 15. fxe4
fxe4 16. Rxf8+ Kxf8 17. Bxc8 Qxc8 18. Be3 Qe6 19. Qe2 Nd3 20. Rf1+ Kg8 21. Nf5
Qxc4 22. Nh6+ Kh8 23. Nf7+ Kg8 24. Nh6+ Kh8 25. Nf7+ Kg8 26. Qg4 Nc5 27. Nh6+
Kh8 28. Nf7+ Kg8 29. Nh6+ Kh8 30. Qh4 Qe6 31. Nf7+ Kg8 32. Bxc5 dxc5 33. Qxh7+
Kxh7 34. Ng5+ Kg6 35. Nxe6 Bxc3 36. bxc3 Nd6 37. Nxc5 e3 38. Rd1 Nf5 39. g4 Nh4
40. Kf1 Re8 41. Ke2 Kg5 42. Rd4 Ng2 43. Nd3 c5 44. Rc4 Re7 45. Kf3 Nh4+ 46. Kg3
Rd7 47. Rxc5+ Kh6 48. Nf4 Rf7 49. Rc6+ Kh7 50. Re6 1-0

[Event "82nd Tata Steel Qualifier"]
[Site "Wijk aan Zee NED"]
[Date "2020.01.21"]
[Round "5.5"]
[White "Beerdsen, Thomas"]
[Black "De Boer, Eelke"]
[Result "1-0"]
[WhiteTitle "IM"]
[BlackTitle "FM"]
[WhiteElo "2495"]
[BlackElo "2324"]
[WhiteFideId "1030108"]
[BlackFideId "1048120"]
[EventDate "2020.01.17"]

1. e4 c5 2. Nf3 d6 3. d4 cxd4 4. Nxd4 Nf6 5. Nc3 a6 6. Bg5 Nbd7 7. Qe2 h6 8. Bh4
g6 9. f4 e5 10. fxe5 dxe5 11. Nb3 b5 12. Nd5 Bb7 13. O-O-O Bxd5 14. exd5 Bd6 15.
g4 O-O 16. Bg2 Qc7 17. Rhf1 Kg7 18. Rd3 b4 19. Nd2 Rac8 20. Ne4 Ne8 21. g5 hxg5
22. Bxg5 f6 23. Bh4 f5 24. Rg3 Qc4 25. Qxc4 Rxc4 26. Nxd6 Nxd6 27. Be7 Rf6 28.
Bxf6+ Kxf6 29. Rg1 Rh4 30. Bf1 Nf8 31. Bxa6 Rxh2 32. a4 bxa3 33. Rxa3 f4 34. c4
e4 35. c5 Nf5 36. c6 Rh7 37. Rc3 Rc7 38. b4 f3 39. b5 f2 40. Rf1 e3 41. b6 Re7
42. b7 1-0

[Event "82nd Tata Steel Qualifier"]
[Site "Wijk aan Zee NED"]
[Date "2020.01.22"]
[Round "6.2"]
[White "Beukema, Stefan"]
[Black "Beerdsen, Thomas"]
[Result "0-1"]
[WhiteTitle "IM"]
[BlackTitle "IM"]
[WhiteElo "2389"]
[BlackElo "2495"]
[WhiteFideId "1024523"]
[BlackFideId "1030108"]
[EventDate "2020.01.17"]

1. e4 c5 2. Nf3 e6 3. d3 Nc6 4. g3 Nf6 5. Bg2 d5 6. e5 Nd7 7. Qe2 Be7 8. O-O g5
9. h3 h5 10. g4 hxg4 11. hxg4 f5 12. exf6 Nxf6 13. Nxg5 Nd4 14. Qd1 Nxg4 15. c3
Bxg5 16. cxd4 Bxc1 17. Qxc1 Qc7 18. f4 Qh7 19. Re1 Qh2+ 20. Kf1 Qg3 21. Re2 Nh2+
22. Kg1 Nf3+ 23. Kf1 Rh1+ 24. Bxh1 Qg1# 0-1

[Event "82nd Tata Steel Qualifier"]
[Site "Wijk aan Zee NED"]
[Date "2020.01.22"]
[Round "6.3"]
[White "De Boer, Eelke"]
[Black "Vogel, Roven"]
[Result "0-1"]
[WhiteTitle "FM"]
[BlackTitle "IM"]
[WhiteElo "2324"]
[BlackElo "2465"]
[WhiteFideId "1048120"]
[BlackFideId "12908088"]
[EventDate "2020.01.17"]

1. e4 c5 2. Nf3 d6 3. d4 cxd4 4. Nxd4 Nf6 5. Nc3 Nc6 6. Bg5 e6 7. Qd2 a6 8.
O-O-O Bd7 9. f3 Nxd4 10. Qxd4 Be7 11. h4 b5 12. Kb1 Qc7 13. Qd2 b4 14. Ne2 a5
15. Nd4 Qb7 16. h5 a4 17. Be3 e5 18. Nf5 Bxf5 19. exf5 h6 20. g4 a3 21. b3 d5
22. Bg2 Rd8 23. f4 Ne4 24. Bxe4 dxe4 25. Qf2 exf4 26. Qxf4 O-O 27. Bd4 Bg5 28.
Qf2 Qd5 29. Qe2 Qxd4 30. Rxd4 Rxd4 0-1

[Event "82nd Tata Steel Qualifier"]
[Site "Wijk aan Zee NED"]
[Date "2020.01.22"]
[Round "6.4"]
[White "Suleymanli, Aydin"]
[Black "Akash, G"]
[Result "0-1"]
[WhiteTitle "IM"]
[BlackTitle "IM"]
[WhiteElo "2473"]
[BlackElo "2461"]
[WhiteFideId "13413937"]
[BlackFideId "5040299"]
[EventDate "2020.01.17"]

1. d4 Nf6 2. c4 e6 3. Nc3 Bb4 4. e3 O-O 5. Bd3 c5 6. Ne2 cxd4 7. exd4 d5 8. c5
b6 9. a3 Bxc3+ 10. Nxc3 Nc6 11. Bb5 Bb7 12. b4 Ne4 13. Ne2 bxc5 14. dxc5 Qf6 15.
Be3 e5 16. Bd3 Ne7 17. Bxe4 dxe4 18. b5 Bd5 19. Qc1 Qe6 20. O-O Bc4 21. Qb2 f5
22. c6 Rab8 23. a4 Nxc6 24. Rfc1 Na5 25. Bxa7 Ra8 26. b6 f4 27. Ra3 e3 28. fxe3
f3 29. gxf3 Rxf3 30. Ng3 Ba6 31. Qb4 Qh3 32. Qd2 Bb7 33. Qa2+ Kh8 34. e4 Rxa3
35. Qxa3 Bxe4 36. Qa2 Bb7 37. Qe2 Nb3 38. Qf1 Qh6 39. Rc7 Nd2 40. Qf5 Nf3+ 41.
Kf1 Qxh2 42. Ne2 Qh1+ 43. Kf2 Qe1+ 44. Ke3 Qd2+ 45. Kf2 Nd4 0-1

[Event "82nd Tata Steel Qualifier"]
[Site "Wijk aan Zee NED"]
[Date "2020.01.24"]
[Round "7.1"]
[White "Vogel, Roven"]
[Black "Beukema, Stefan"]
[Result "1-0"]
[WhiteTitle "IM"]
[BlackTitle "IM"]
[WhiteElo "2465"]
[BlackElo "2389"]
[WhiteFideId "12908088"]
[BlackFideId "1024523"]
[EventDate "2020.01.17"]

1. d4 f5 2. g3 Nf6 3. Bg2 d6 4. Nc3 c6 5. e4 e5 6. dxe5 dxe5 7. Qe2 h6 8. Nf3
Bd6 9. Nh4 fxe4 10. Ng6 Bg4 11. Qc4 Rg8 12. O-O Kd7 13. Nxe4 Nxe4 14. Qxe4 Be6
15. Nxe5+ Kc7 16. Nxc6 1-0

[Event "82nd Tata Steel Qualifier"]
[Site "Wijk aan Zee NED"]
[Date "2020.01.24"]
[Round "7.2"]
[White "Zwirs, Nico"]
[Black "Slingerland, Fred"]
[Result "1-0"]
[WhiteTitle "IM"]
[BlackTitle "IM"]
[WhiteElo "2418"]
[BlackElo "2333"]
[WhiteFideId "1036432"]
[BlackFideId "1002473"]
[EventDate "2020.01.17"]

1. e4 c5 2. Nf3 d6 3. d4 cxd4 4. Nxd4 Nf6 5. Nc3 Nc6 6. f3 e5 7. Nb3 Be6 8. Nd5
h6 9. Be3 Nb8 10. Qd2 Nxd5 11. exd5 Bf5 12. g4 Bg6 13. O-O-O Be7 14. f4 exf4 15.
Bxf4 Nd7 16. h4 Ne5 17. Bxe5 dxe5 18. d6 Bf6 19. g5 1-0

[Event "82nd Tata Steel Qualifier"]
[Site "Wijk aan Zee NED"]
[Date "2020.01.24"]
[Round "7.3"]
[White "Beerdsen, Thomas"]
[Black "Pijpers, Arthur"]
[Result "1-0"]
[WhiteTitle "IM"]
[BlackTitle "IM"]
[WhiteElo "2495"]
[BlackElo "2480"]
[WhiteFideId "1030108"]
[BlackFideId "1019554"]
[EventDate "2020.01.17"]

1. e4 e6 2. d4 d5 3. Nc3 Nf6 4. Bg5 dxe4 5. Nxe4 Nbd7 6. Nf3 h6 7. Bxf6 Nxf6 8.
Bd3 Nxe4 9. Bxe4 c5 10. Qe2 Qa5+ 11. c3 cxd4 12. Nxd4 Be7 13. O-O-O Qxa2 14.
Qb5+ Bd7 15. Qxb7 Rc8 16. g3 Qa1+ 17. Kc2 Qa4+ 18. Kb1 Rd8 19. Nxe6 fxe6 20. Rd4
Qa5 21. Bg6+ Kf8 22. Rxd7 1-0

[Event "82nd Tata Steel Qualifier"]
[Site "Wijk aan Zee NED"]
[Date "2020.01.24"]
[Round "7.4"]
[White "Akash, G"]
[Black "De Boer, Eelke"]
[Result "1-0"]
[WhiteTitle "IM"]
[BlackTitle "FM"]
[WhiteElo "2461"]
[BlackElo "2324"]
[WhiteFideId "5040299"]
[BlackFideId "1048120"]
[EventDate "2020.01.17"]

1. e4 c5 2. Nf3 d6 3. d4 cxd4 4. Nxd4 Nf6 5. Nc3 a6 6. a4 g6 7. Be2 Bg7 8. O-O
O-O 9. Bg5 Nc6 10. Nb3 Be6 11. f4 Qb6+ 12. Kh1 Na5 13. Nxa5 Qxa5 14. f5 gxf5 15.
exf5 Bxf5 16. Bxf6 Bxf6 17. Nd5 Be4 18. Nxf6+ exf6 19. Bf3 Rfe8 20. Qxd6 Qe5 21.
Qb4 Rad8 22. Rae1 Rd4 23. Qb3 f5 24. Bxe4 Rxe4 25. Rxe4 Qxe4 26. Qg3+ Kh8 27.
Qc3+ Kg8 28. h3 Re6 29. Rd1 h6 30. Rd8+ Re8 31. Rd6 Re6 32. Rd8+ Re8 33. Rd4
Qe1+ 34. Qxe1 Rxe1+ 35. Kh2 Re2 36. Rc4 f4 37. Rxf4 Rxc2 38. Rb4 b5 39. axb5
axb5 40. Rxb5 Kg7 41. Kg3 Rd2 42. Kf3 Kg6 43. Rb8 Kf6 44. Rb4 h5 45. Rb6+ Kg7
46. Kg3 f6 47. Rb3 Kg6 48. Kf3 Kf5 49. Rb8 Rc2 50. Kg3 Kg5 51. Rg8+ Kh6 52. Rb8
Kg5 53. Rb5+ Kg6 54. Kf3 Rd2 55. Rb8 Kf5 56. Rb4 Kg6 57. Rb5 Rc2 58. g3 Rd2 59.
Ke4 Rh2 60. Kf3 Rd2 61. b4 Rb2 62. Ke4 Re2+ 63. Kf3 Rb2 64. h4 Rb3+ 65. Kf4 Rb1
66. Rb8 Rf1+ 67. Ke4 Re1+ 68. Kd4 Rg1 69. Re8 Kf5 70. Rg8 Rb1 71. Kc5 Ke4 72. b5
Rb3 73. b6 Rc3+ 74. Kd6 Rb3 75. Kc7 Rc3+ 76. Kb8 Kf3 77. b7 Rc1 78. Rc8 Rb1 79.
Rc3+ Kg4 80. Kc7 1-0

[Event "82nd Tata Steel Qualifier"]
[Site "Wijk aan Zee NED"]
[Date "2020.01.25"]
[Round "8.3"]
[White "Slingerland, Fred"]
[Black "Suleymanli, Aydin"]
[Result "0-1"]
[WhiteTitle "IM"]
[BlackTitle "IM"]
[WhiteElo "2333"]
[BlackElo "2473"]
[WhiteFideId "1002473"]
[BlackFideId "13413937"]
[EventDate "2020.01.17"]

1. e4 c6 2. d4 d5 3. Nc3 dxe4 4. Nxe4 Bf5 5. Ng3 Bg6 6. Nh3 e6 7. Nf4 Bd6 8.
Nxg6 hxg6 9. c3 Nf6 10. Qf3 Nbd7 11. Bc4 Qc7 12. Bg5 c5 13. Bb5 O-O 14. Bxd7
Nxd7 15. dxc5 Nxc5 16. O-O f6 17. Be3 f5 18. Bg5 Rfe8 19. Rad1 Bf8 20. Rd2 e5
21. Qd5+ Ne6 22. h4 Qf7 23. Re1 Rac8 24. Qb3 e4 25. Red1 Nxg5 26. hxg5 Qxb3 27.
axb3 e3 28. fxe3 Bc5 29. Nf1 f4 30. b4 Bb6 31. Re2 Rc7 32. Rd3 fxe3 33. b3 a5
34. bxa5 Bxa5 35. c4 Bb6 36. g3 Re5 37. Kg2 Rxg5 38. Nxe3 Re7 39. b4 Bc7 40. g4
Rge5 41. Kf2 Re4 42. Ra2 Rf7+ 43. Kg2 g5 44. Rc2 g6 45. b5 Bf4 46. Kf3 Re8 47.
Nd5 Bd6+ 48. Kg2 Re4 49. Rg3 Bxg3 50. Kxg3 Rd4 51. Rc3 Kg7 52. Nb6 Rff4 53. c5
Rxg4+ 54. Kf2 Rdf4+ 55. Rf3 Rxf3+ 56. Kxf3 Rb4 0-1

[Event "82nd Tata Steel Qualifier"]
[Site "Wijk aan Zee NED"]
[Date "2020.01.25"]
[Round "8.4"]
[White "De Boer, Eelke"]
[Black "Van Dael, Siem"]
[Result "1-0"]
[WhiteTitle "FM"]
[BlackTitle "FM"]
[WhiteElo "2324"]
[BlackElo "2252"]
[WhiteFideId "1048120"]
[BlackFideId "1049771"]
[EventDate "2020.01.17"]

1. e4 c5 2. Nf3 d6 3. d4 cxd4 4. Nxd4 Nf6 5. Nc3 g6 6. Be2 Bg7 7. O-O O-O 8. Bg5
Nc6 9. Nb3 h6 10. Bh4 a6 11. a4 Be6 12. Kh1 Nd7 13. Rb1 Bxb3 14. cxb3 Rb8 15. f4
Nc5 16. Bf3 Ne6 17. Nd5 g5 18. fxg5 hxg5 19. Bf2 Ned4 20. Be3 e6 21. Nc3 Be5 22.
Bh5 f5 23. exf5 exf5 24. Ne2 Ne6 25. Qd5 Qd7 26. Bxg5 Nb4 27. Qc4 b5 28. axb5
axb5 29. Qh4 Nd5 30. Bf3 Nf6 31. Bxf6 Rxf6 32. Bd5 Kg7 33. Bxe6 Qxe6 34. Nf4
Bxf4 35. Rxf4 Rh8 36. Qg5+ Kf7 37. Rbf1 Qe2 38. R4f2 Qd3 39. h3 Qe4 40. Rf3 Rg8
41. Qd2 Re8 42. Rf4 Qe5 43. Qd3 Qxb2 44. Rxf5 Re6 45. Rxf6+ Rxf6 46. Qh7+ Ke6
47. Qg8+ 1-0